000 00665nam a2200253Ia 4500
003 OSt
005 20221007103355.0
006 a|||||r|||| 00| 0
007 ta
008 221006b |||||||| |||| 00| 0 hin d
024 _a12,973
037 _cTextual
040 _aLCO
_cLCO
_bhin
041 _2hin
_ahin
082 _aZ2,2,4qM82, P2
100 _aShukla S.N.
_9259263
245 0 _aSampati Antaran Adhiniyam
250 _a15th
260 _aAllahabad
_bAllahabad Law Agency Publications India
_c2002
300 _a392
650 _aPROPERTY
_9334647
942 _hZ2,2,4qM82, P2
_cTEXL
999 _c1182536
_d1182536